Komparácia vybraných spôsobov obstarania dlhodobého hmotného majetku diplomová práca

Enregistré dans:
Détails bibliographiques
Auteur principal: Zifčáková, Lucia
Collectivité auteur: Fakulta hospodárskej informatiky EU. Katedra účtovníctva a audítorstva
Autres auteurs: Stanley, Renáta, 1981-
Format: Livre
Langue:slovaque
Publié: Bratislava 2015
Tags: Ajouter un tag
Pas de tags, Soyez le premier à ajouter un tag!

MARC

LEADER 00000nbm a2200000 4500
001 0203613
005 20161212113553.5
041 0 |a slo 
044 |a SK 
245 1 0 |a Komparácia vybraných spôsobov obstarania dlhodobého hmotného majetku  |b diplomová práca  |c Lucia Zifčáková ; školiteľ: Renáta Stanley 
264 1 |a Bratislava  |c 2015 
300 |a 2 s. 
100 1 |a Zifčáková, Lucia 
700 1 |a Stanley, Renáta, 1981- 
710 2 |a Fakulta hospodárskej informatiky EU. Katedra účtovníctva a audítorstva